Iulii Pollucis Onomasticon

Αποθηκεύτηκε σε:
Λεπτομέρειες βιβλιογραφικής εγγραφής
Κύριος συγγραφέας: Πολυδεύκης, Ιούλιος, 180-238
Άλλοι συγγραφείς: Bekker, Immanuel, 1785-1871
Μορφή: Βιβλίο
Γλώσσα:Latin
Ancient Greek
Δημοσίευση: Berolini : Libraria Friderico Nicolai, 1846
Θέματα:
Ετικέτες: Προσθήκη ετικέτας
Δεν υπάρχουν, Καταχωρήστε ετικέτα πρώτοι!

MARC

LEADER 00000cam a2200000 i 4500
001 1/67105
008 150216s1846 lat d
035 |l 10121103 
040 |a GR-MY-UA  |b gre  |e aacr 
041 0 |a lat  |a grc 
082 0 |a 483  |2 (23) 
100 1 |a Πολυδεύκης, Ιούλιος,   |d 180-238. 
245 1 0 |a Iulii Pollucis Onomasticon /  |c ex recensione Immanuelis Bekkeri 
246 3 3 |a Ονομαστικόν 
260 |a Berolini :   |b Libraria Friderico Nicolai,   |c 1846 
300 |a iv, 494 σ.;  |c 22 εκ. 
500 |a Στο verso ετικέτα "Ιπποκράτης Νικολάου τη Πορφυριάδι Σχολή των Καρλοβασίων". Στο recto σφραγίδα "Πορφυριάς Αστική Σχολή Καρλοβασίων" με αρ. 79. 
650 0 0 |a Greek language  |x Dictionaries. 
650 0 0 |a Greek language  |x Glossaries, vocabularies, etc. 
650 0 0 |a Attic Greek dialect  |x Dictionaries. 
700 1 |a Bekker, Immanuel,   |d 1785-1871. 
852 |a INST  |b SAMOS  |c PORFYRIADA  |e 20150216  |h 483 ΠΟΛ  |p 005300041724  |q 005300041724  |t NOLOAN  |y 23 
901 |a BIBL3-2015-1 
909 |a Σ  |b 186222 
970 |a ΣΙΤΖΙΜΗ  |b ΓΙΑΣΕΜΗ  |z 2015/02/16